000 00411nam a2200181Ia 4500
005 20240823005825.0
008 240823s9999||||xx |||||||||||||| ||und||
041 _aENGLISH
082 _A428 N6
100 _aSinclair
245 0 _aActive Your English
250 _a1st
260 _c1996
_bCambridege University Press
500 _aTRANSFERED
650 _aENG
_bEnglish
942 _cBK
999 _c156831
_d156831